[Event "World Cup 2023 Open"]
[Site "Baku, Azerbaijan"]
[Date "2023.08.06"]
[Round "21.22"]
[White "Schitco Ivan (MDA)"]
[Black "Wojtaszek Radoslaw (POL)"]
[Result "0-1"]
[WhiteFideId "13905465"]
[BlackFideId "1118358"]
[WhiteElo "2507"]
[BlackElo "2676"]

1. c4 {[%clk 01:30:57]} {[%emt 00:00:02]} e6 {[%clk 01:30:49]} {[%emt
00:00:11]} 2. g3 {[%clk 01:30:44]} {[%emt 00:00:43]} d5 {[%clk 01:31:08]}
{[%emt 00:00:10]} 3. Bg2 {[%clk 01:30:59]} {[%emt 00:00:15]} d4 {[%clk
01:31:32]} {[%emt 00:00:07]} 4. Nf3 {[%clk 01:26:45]} {[%emt 00:04:44]} c5
{[%clk 01:31:45]} {[%emt 00:00:16]} 5. e3 {[%clk 01:25:06]} {[%emt 00:02:10]}
Nc6 {[%clk 01:32:03]} {[%emt 00:00:12]} 6. exd4 {[%clk 01:25:20]} {[%emt
00:00:17]} cxd4 {[%clk 01:32:25]} {[%emt 00:00:08]} 7. O-O {[%clk 01:20:52]}
{[%emt 00:04:59]} Nf6 {[%clk 01:32:50]} {[%emt 00:00:05]} 8. Re1 {[%clk
01:09:47]} {[%emt 00:11:35]} Bd6 {[%clk 01:30:39]} {[%emt 00:02:41]} 9. d3
{[%clk 01:09:08]} {[%emt 00:01:09]} h6 {[%clk 01:31:03]} {[%emt 00:00:06]} 10.
b3 {[%clk 01:08:13]} {[%emt 00:01:24]} O-O {[%clk 01:28:40]} {[%emt 00:02:52]}
11. Ba3 {[%clk 01:07:48]} {[%emt 00:00:56]} Re8 {[%clk 01:19:19]} {[%emt
00:09:51]} 12. c5 {[%clk 00:56:00]} {[%emt 00:12:18]} Bc7 {[%clk 01:14:10]}
{[%emt 00:05:38]} 13. Nbd2 {[%clk 00:51:36]} {[%emt 00:04:55]} e5 {[%clk
01:13:13]} {[%emt 00:01:28]} 14. Qc2 {[%clk 00:38:59]} {[%emt 00:13:06]} Bf5
{[%clk 01:10:15]} {[%emt 00:03:27]} 15. Nh4 {[%clk 00:33:30]} {[%emt 00:05:59]}
Be6 {[%clk 01:06:37]} {[%emt 00:04:08]} 16. Nc4 {[%clk 00:32:12]} {[%emt
00:01:49]} Bd5 {[%clk 01:03:40]} {[%emt 00:03:27]} 17. Nf5 {[%clk 00:26:14]}
{[%emt 00:06:28]} Bxg2 {[%clk 01:03:59]} {[%emt 00:00:11]} 18. Kxg2 {[%clk
00:26:43]} {[%emt 00:00:01]} Qd5+ {[%clk 01:04:19]} {[%emt 00:00:10]} 19. f3
{[%clk 00:25:36]} {[%emt 00:01:37]} Qd7 {[%clk 00:50:32]} {[%emt 00:14:17]} 20.
Nfd6 {[%clk 00:23:45]} {[%emt 00:02:20]} Bxd6 {[%clk 00:50:55]} {[%emt
00:00:07]} 21. Nxd6 {[%clk 00:24:11]} {[%emt 00:00:05]} Re6 {[%clk 00:51:16]}
{[%emt 00:00:08]} 22. Qc4 {[%clk 00:23:26]} {[%emt 00:01:16]} Ne7 {[%clk
00:51:31]} {[%emt 00:00:15]} 23. Qa4 {[%clk 00:19:53]} {[%emt 00:04:03]} Qc7
{[%clk 00:47:57]} {[%emt 00:04:04]} 24. Nb5 {[%clk 00:18:21]} {[%emt 00:02:02]}
Qb8 {[%clk 00:44:57]} {[%emt 00:03:30]} 25. f4 {[%clk 00:14:58]} {[%emt
00:03:53]} Nf5 {[%clk 00:38:07]} {[%emt 00:07:19]} 26. fxe5 {[%clk 00:13:45]}
{[%emt 00:01:44]} Rxe5 {[%clk 00:32:33]} {[%emt 00:06:04]} 27. Nd6 {[%clk
00:10:05]} {[%emt 00:04:10]} b5 {[%clk 00:25:53]} {[%emt 00:07:10]} 28. Qa6
{[%clk 00:07:08]} {[%emt 00:03:27]} Ne3+ {[%clk 00:26:03]} {[%emt 00:00:19]} 29.
Kg1 {[%clk 00:06:48]} {[%emt 00:00:51]} b4 {[%clk 00:20:48]} {[%emt 00:05:44]}
30. Bb2 {[%clk 00:06:48]} {[%emt 00:00:31]} Rxc5 {[%clk 00:21:16]} {[%emt
00:00:02]} 31. Nxf7 {[%clk 00:02:07]} {[%emt 00:05:11]} Rd5 {[%clk 00:20:53]}
{[%emt 00:00:53]} 32. Nxh6+ {[%clk 00:01:36]} {[%emt 00:01:02]} Kh7 {[%clk
00:21:22]} 33. Nf7 {[%clk 00:01:40]} {[%emt 00:00:26]} Kg6 {[%clk 00:15:42]}
{[%emt 00:06:09]} 34. Bxd4 {[%clk 00:00:47]} {[%emt 00:01:22]} Rxd4 {[%clk
00:16:04]} {[%emt 00:00:08]} 35. Qe6 {[%clk 00:01:10]} {[%emt 00:00:07]} Neg4
{[%clk 00:14:56]} {[%emt 00:01:38]} 36. Re5 {[%clk 00:01:09]} {[%emt 00:00:32]}
Qb6 {[%clk 00:12:21]} {[%emt 00:03:06]} 37. Rg5+ {[%clk 00:00:58]} {[%emt
00:00:40]} Kh7 {[%clk 00:12:49]} {[%emt 00:00:02]} 38. Rh5+ Nxh5 {[%clk
00:09:56]} 39. Ng5+ {[%clk 00:01:09]} {[%emt 00:00:02]} Kh8 {[%clk 00:10:19]}
{[%emt 00:00:06]} 40. Nf7+ {[%clk 00:01:36]} {[%emt 00:00:04]} Kg8 {[%clk
00:09:12]} {[%emt 00:01:36]} 41. Nd6+ {[%clk 00:29:09]} {[%emt 00:02:57]} Kh7
{[%clk 00:38:21]} {[%emt 00:01:22]} 42. Qf5+ {[%clk 00:29:35]} {[%emt
00:00:04]} g6 {[%clk 00:38:42]} {[%emt 00:00:09]} 0-1